000 00211 a2200097 4500
001 27357
100 _aAhmed, S
245 _aCultural heritage
260 _a
_bCallural heritage Series
_c
090 _c18183
_d18183
942 _aNUST-CAE
_cM
_c9095
999 _c262430
_d262430